000 00797nam a22001937a 4500
999 _c19559
_d19559
005 20251125232917.0
008 s2542 th tha d
040 _aNALT
041 _atha
245 1 0 _aกฎหมายสำหรับประชาชน เล่ม 1 : กฎหมายในชีวิตประจำวัน [16th]
260 3 _aกรุงเทพฯ :
_bมหาวิทยาลัยธรรมศาสตร์,
_c2542
300 _a124 หน้า ;
_b 19 ซม.
650 0 4 _aกฎหมาย -- รวมเรื่อง
850 _aNALT
856 4 0 _uhttps://hdl.handle.net/20.500.14156/424265
_71
942 _cLB
_2lcc
998 _j25
_k นีลวัสน์ อินทรักษา
090 _aKC32 ค961ก 2542